U.S. States That Border Another Country - Statistics

General Stats
  • This quiz has been taken 42 times
  • The average score is 14 of 15
Answer Stats
U.S. State % Correct
Maine
100%
Montana
100%
Texas
100%
Arizona
97%
California
97%
Michigan
97%
Minnesota
97%
New Mexico
97%
New York
97%
North Dakota
97%
Washington
94%
Alaska
92%
Idaho
92%
Vermont
92%
New Hampshire
89%
No matching quizzes found
Score Distribution
Percent of People with Each Score
Percentile by Number Answered
Your Score History
You have not taken this quiz